Normal view
MARC view
- أحمد، مهدي رزق الله
Entry Personal Name
001 - CONTROL NUMBER
- control field: 56591
003 - CONTROL NUMBER IDENTIFIER
- control field: JO-AjAnu
005 - DATE AND TIME OF LATEST TRANSACTION
- control field: 20230606083255.0
008 - FIXED-LENGTH DATA ELEMENTS
- fixed length control field: 230606|| aca||aabn | a|a d
040 ## - CATALOGING SOURCE
- Original cataloging agency: JO-AjAnu
- Transcribing agency: JO-AjAnu
100 ## - HEADING--PERSONAL NAME
- Personal name: أحمد، مهدي رزق الله
670 ## - SOURCE DATA FOUND
- Source citation: Work cat.: (JO-AjAnu)28876: أحمد، مهدي رزق الله, author, السيرة النبوية في ضوء المصادر الأصلية دراسة تحليلية